Making space for nature (Record no. 111142)

MARC details
000 -LEADER
fixed length control field 01137cam a22001815a 4500
001 - CONTROL NUMBER
control field L151085
008 - FIXED-LENGTH DATA ELEMENTS--GENERAL INFORMATION
fixed length control field 100929s2010 xxk f 000 0 eng d
035 ## - SYSTEM CONTROL NUMBER
System control number (Sirsi) u151085
041 0# - LANGUAGE CODE
Language code of text/sound track or separate title eng
245 00 - TITLE STATEMENT
Title Making space for nature
Remainder of title a review of England's wildlife sites and ecological network
Medium [electronic resource]
260 ## - PUBLICATION, DISTRIBUTION, ETC.
Place of publication, distribution, etc. London
Name of publisher, distributor, etc. DEFRA
Date of publication, distribution, etc. 2010
520 ## - SUMMARY, ETC.
Summary, etc. Report examines wildlife sites and whether they are capable of adapting to climate change and other demands on the land. Supports a step change in nature conservation to rebuild nature and encourage a new resilient natural environment. Recommends better protection and management of designated wildlife sites, the establishment of new Ecological Restoration Zones and more effective protection of non designated wildlife sites.
590 ## - LOCAL NOTE (RLIN)
Local note KA NTK
651 #4 - SUBJECT ADDED ENTRY--GEOGRAPHIC NAME
Geographic name England
Chronological subdivision 886-
690 ## - LOCAL SUBJECT ADDED ENTRY--TOPICAL TERM (OCLC, RLIN)
Topical term or geographic name as entry element ENVIRONMENTAL AND LAND CONSULTANCY-ENVIRONMENTAL MANAGEMENT-ENVIRONMENTAL CONSERVATION-WILDLIFE CONSERVATION
856 40 - ELECTRONIC LOCATION AND ACCESS
Uniform Resource Identifier <a href="https://www.defra.gov.uk/environment/biodiversity/documents/201009space-for-nature.pdf">https://www.defra.gov.uk/environment/biodiversity/documents/201009space-for-nature.pdf</a>
Public note View the report free of charge at www.defra.gov.uk
942 ## - ADDED ENTRY ELEMENTS (KOHA)
Suppress in OPAC 0
Holdings
Withdrawn status Lost status Source of classification or shelving scheme Damaged status Not for loan Home library Current library Shelving location Date acquired Total Checkouts Full call number Barcode Date last seen Copy number Price effective from Koha item type
    Dewey Decimal Classification     Virtual Virtual Online 29/09/2010   ONLINE PUBLICATION 151085-2001 06/08/2019 1 06/08/2019 Book